Try-to-Type Quiz #3: Try to Type Europe Countries without Any Vowels - Statistics

General Stats
  • This quiz has been taken 211 times
  • The average score is 40 of 45
Answer Stats
Country % Correct
France
98%
Germany
96%
Norway
96%
Sweden
96%
Finland
94%
Spain
94%
Italy
93%
Portugal
93%
Albania
92%
Austria
91%
Greece
91%
Ireland
91%
Denmark
90%
Latvia
90%
Russia
90%
United Kingdom
90%
Belgium
89%
Iceland
89%
Poland
89%
Slovenia
89%
Ukraine
89%
Andorra
88%
Croatia
88%
Estonia
88%
Hungary
88%
Luxembourg
88%
Netherlands
88%
Romania
88%
Slovakia
88%
Belarus
87%
Czech Republic
87%
Lithuania
87%
Serbia
87%
Switzerland
86%
Vatican City
86%
Bulgaria
85%
Kosovo
85%
Liechtenstein
85%
San Marino
85%
Bosnia and Herzegovina
84%
Macedonia
82%
Monaco
82%
Montenegro
82%
Malta
81%
Moldova
80%
No matching quizzes found
Score Distribution
Percent of People with Each Score
Percentile by Number Answered
Your Score History
You have not taken this quiz